| 000 | 00611nam a22001577a 4500 | ||
|---|---|---|---|
| 003 | OSt | ||
| 005 | 20150917151532.0 | ||
| 008 | 150917b xxu||||| |||| 00| 0 eng d | ||
| 040 | _cRUA | ||
| 082 | _aAGR YIN 2001 B026 Or.1 | ||
| 100 |
_9687 _aYIN, VANNAK. |
||
| 245 | _aManagement of potassium nutrition for rice in rain fed lowland ការគ្រប់គ្រងជាតិប៉ូតាស្យូមសំរាប់ដំណាំស្រូវនៃតំបន់អាស្រ័យទឹកភ្លៀង | ||
| 260 |
_aPhnom Penh _bRUA _c2001 |
||
| 300 |
_a54p. _bill. _c29cm. |
||
| 942 |
_2ddc _cAGR |
||
| 999 |
_c661 _d661 |
||